| 000 | 00553nam a2200193 a 4500 | ||
|---|---|---|---|
| 005 | 20140310183556.0 | ||
| 008 | 111114s19uu xx 00 eng d | ||
| 020 | _a9780135127018 | ||
| 050 |
_aHG 6024.A3 _b.H834 2008 |
||
| 100 | _aHull, John C. | ||
| 245 |
_aFundamentals of futures and options markets / _cJohn C. Hull. |
||
| 250 | _a6th ed. | ||
| 260 |
_aNew Jersey : _bPearson Prentice Hall, _c2008. |
||
| 300 |
_a561 p. : _c27 cm. |
||
| 521 | _aBSBA | ||
| 650 | _aFutures market options (Finance) | ||
| 942 |
_cBK _2lcc _kFOR |
||
| 999 |
_c25026 _d25026 |
||